000 00581nam a2200241Ia 4500
003 OSt
005 20230519094215.0
008 210423s2008 xx 000 0 und d
020 _a978-0-521-14144-4
040 _cAL
041 _aeng
082 _a589.3 LEEP
100 _aLEE (Robert Edward)
_9109311
245 _aPhycology Ed 4
250 _a4
260 _aNew York
_bCambridge University Press
_c2008
300 _ax,547
_bPB
365 _b1199
_cINR
650 _aBotany
_9109312
650 _aThallophyta
_9109313
906 _aEd ; Phycology
942 _2ddc
_cBK
999 _c167810
_d167810